Summer School DATASTAT 99 : proceedings /
Guardado en:
| Autor Corporativo: | |
|---|---|
| Otros Autores: | |
| Formato: | Libro |
| Idioma: | English |
| Publicado: |
Brno, Czech Republic :
Masaryk University,
2001.
|
| Series: | Folia Facultatis Scientiarum Naturalium Universitatis Masarykianae Brunensis. Mathematica ;
v. 9 |
| Etiquetas: |
Agregar Etiqueta
Sin Etiquetas, Sea el primero en etiquetar este registro!
|
| LEADER | 00759nam a22001935a 4500 | ||
|---|---|---|---|
| 001 | MAT.inmabb002474 | ||
| 008 | 041007s2001####xr#a###f#b####100#0#eng#d | ||
| 005 | 20160415152936.0 | ||
| 245 | 1 | 0 | |a Summer School DATASTAT 99 : |b proceedings / |c edited by Ivana Horová. |
| 260 | |a Brno, Czech Republic : |b Masaryk University, |c 2001. | ||
| 300 | |a 125 p. : |b il. ; |c 24 cm. | ||
| 440 | 0 | |a Folia Facultatis Scientiarum Naturalium Universitatis Masarykianae Brunensis. |p Mathematica ; |v v. 9 | |
| 504 | |a Incluye referencias bibliográficas. | ||
| 510 | 4 | |a MR, |c 2002d:62003 | |
| 020 | |a 8021025441 | ||
| 111 | 2 | |a Summer School DATASTAT 99 |d (1999 : |c Rusava, República Checa) | |
| 700 | 1 | |a Horová, Ivana. |4 edt | |
| 084 | |a 62-06 |2 msc2000 | ||
| 859 | |h 62 |i Su995-1999 |p A-8142 |b BIB. MATEMATICA | ||
